00617nam a22002057a 450000500170000001000390001702000260005603500230008203500170010503500130012203700170013503700130015208200080016510000180017324500570019126000400024827000500028830000230033850000500036120230302143947.0 aBAC-EN21 ENG-111840 ENG-136297 a9789382711186c399.00 aEN-95372 EN-119829 aB-582356-391 aB-669773 adplbBSB/Ven aDBAD/PUB a921 aVerma, Sudesh aNarendra Modi :cby Sudesh Vermabthe game changer / aNew DelhibVitasta Publishingc2014 a2/15,Ansari Road,DaryaganjbNew Delhie110002 a429p. :c23cm(pbk) aIncludes bibliographical references and index